Tatort-Schauspieler - Statistiken

Allgemein
  • Dieses Quiz wurde 109 mal gespielt
  • Das Durchschnittsergebnis liegt bei 10 aus 20
Antwortstatistiken
Kommissar(in) Stadt Zeitraum Darsteller(in) % Korrekt
Prof. Karl-Friedrich Boerne Jan Josef Liefers
91%
Frank Thiel Münster 2002 – Axel Prahl
78%
Horst Schimanski Duisburg 1981 – 1991 Götz George
66%
Lena Odenthal Ludwigshafen 1989 – Ulrike Folkerts
66%
Freddy Schenk 1997 – Dietmar Bär
65%
Ivo Batic München 1991 – 2025 Miroslav Nemec
63%
Paul Stoever Hamburg 1984 – 2001 Manfred Krug
56%
Klaus Borowski Kiel 2003 – 2025 Axel Milberg
53%
Moritz Eisner Wien 1999 – Harald Krassnitzer
53%
Kira Dorn Weimar 2013 – 2021 Nora Tschirner
52%
Lessing Christian Ulmen
51%
Max Ballauf Köln 1997 – Klaus J. Behrendt
49%
Inga Lürsen Bremen 1997 – 2019 Sabine Postel
47%
Nils Stedefreund 2001 – 2019 Oliver Mommsen
44%
Franz Leitmayr 1991 – 2025 Udo Wachtveitl
44%
Bibi Fellner 2011 – Adele Neuhauser
43%
Felix Murot Wiesbaden 2010 – Ulrich Tukur
38%
Peter Brockmöller 1986 – 2001 Charles Brauer
27%
Christian Thanner Eberhard Feik
22%
Mario Kopper 1996 – 2018 Andreas Hoppe
16%
Keine übereinstimmenden Quizze gefunden
Verteilung der Resultate
Anzahl Personen mit jedem Resultat
Perzentil nach korrekt beantworteten Fragen
Ihre Resultats-Entwicklung
Sie haben dieses Quiz noch nicht gespielt